000 01488njm a2200301 i 4500
001 4716
003 ES-MaACL
005 20250824203440.0
007 s|r|||||||||||
008 070809s1969 sp ||| g ||||||||1|nspa d
245 0 0 _aJuicio crítico sobre el libro "Testigos del misterio" de Miguel Alonso Baquer (Premio Monte 1968)
_h[Grabación sonora] /
_cintervienen Miguel Alonso Baquer, José María Sánchez de Muniain, José Artigas, P. Félix García, Vintila Horia, Adolfo Muñoz Alonso.
260 _aMadrid :
_bAteneo de Madrid,
_c1969.
300 _a1 disco (CD-DA) (56 min.) ;
_c12 cm.
490 1 _aColoquios críticos en presencia del autor "Un libro sobre la mesa"
500 _aDatos basados en la invitación.
518 _aActo organizado por el Aula de Literatura del Ateneo de Madird, grabado en el salón de actos el viernes 21 de febrero de 1969, a las 19:15 h.
610 2 4 _aAteneo de Madrid-
_xActos culturales-
_y1969-
_vGrabaciones sonoras.
_91883
700 1 _aAlonso Baquer, Miguel.
_920258
700 1 _aSánchez de Muniain y Gil, José María.
_9102590
700 1 _aGarcía, Félix,
_d1897-1983
_9172116
700 1 _aHoria, Vintila (
_d1915-1992)
_964193
700 1 _aMuñoz Alonso, Adolfo.
_984346
710 2 _aAteneo de Madrid.
_bAula de Literatura.
_91943
830 0 0 _aColoquios críticos en presencia del autor "Un libro sobre la mesa"
_9177075
852 _aES-MaACL
_jROT 3/4/3
_94833
_cROT
942 _2udc
999 _c4716
_d4716